Κάτω από τον ήλιο της Μακεδονίας
Αποθηκεύτηκε σε:
| Κύριος συγγραφέας: | |
|---|---|
| Άλλοι συγγραφείς: | |
| Μορφή: | Βιβλίο |
| Γλώσσα: | Greek |
| Δημοσίευση: |
Αθήνα :
Κέδρος,
1992
|
| Θέματα: | |
| Ετικέτες: |
Προσθήκη ετικέτας
Δεν υπάρχουν, Καταχωρήστε ετικέτα πρώτοι!
|
MARC
| LEADER | 00000nam a2200000 i 4500 | ||
|---|---|---|---|
| 001 | 1/67990 | ||
| 008 | 041209s1992 gre d | ||
| 020 | |a 960-04-0643-X | ||
| 035 | |l 10075691 | ||
| 040 | |a GR-MY-UA |b gre |e aacr | ||
| 041 | 0 | |a gre | |
| 082 | 0 | |a 808.0683 |2 (21) | |
| 100 | 1 | |a Σίνου, Κίρα, |d 1923-2007. | |
| 245 | 1 | 0 | |a Κάτω από τον ήλιο της Μακεδονίας / |c Κίρα Σίνου ; εικονογράφηση Σόνια Μητραλιά |
| 260 | |a Αθήνα : |b Κέδρος, |c 1992 | ||
| 300 | |a 174 σ.; |c 21 εκ. | ||
| 500 | |a Βραβείο Κέντρου Τέχνης Παιδιού 1992 | ||
| 650 | 0 | 0 | |a Young adult fiction. |
| 650 | 0 | 0 | |a Young adult literature. |
| 700 | 0 | |a Μητραλιά, Σόνια. |4 ill | |
| 852 | |a INST |b RHODES |e 20041209 |h 808.0683 ΣΙΝ |p 005400018091 |q 005400018091 |t BK |y 0 | ||
| 901 | |a BIBL4-2005-1 | ||
| 909 | |a Ρ |b 110236 | ||
| 922 | |a 4ΕΛΗ |b 200412 |c ΒΙΒΛΙΟΘΗΚΗ |d ΔΕΝΤΡΟ | ||
| 950 | |a 094 | ||
| 970 | |a ΤΣΟΥΝΟΥ |b ΤΣΑΜΠΙΚΑ |z 2005/01/28 | ||